000 01437nam0a22003371 4500
001 RU\NLR\INFOCOMM_17\5000676132
005 20250613101041.0
035 _a(NLR Aleph) 009370427
090 _a7918682
_c7918682
100 _a20101217d1969 |||y0rusy50 ca
101 0 _afre
102 _aRU
105 _ay ||||000|y
200 1 _aL'hygiène du travail et prévention des maladies professionnelles pendant les travaux de soudage électrique
_fPar A. P. Golovatiouk, I. M. Naoumenko [et] M. I. Erman
_gMin. de la santé publique de l'URSS. Inst. central de perfectionnement des médecins décoré de l'ordre Lénine. Colloque interrégional de l'OMS sur l'hygiène industrielle et agricole
210 _aM.
_d1969
215 _a8 с.
_d20 см
309 _aОтпеч. множит. аппаратом
686 _aМе2-1313
_2rubbk
686 _aˆ[‰Р124.508.24]
_2rubbk
700 1 _9z01790
_aGolovatjuk
_bA. P.
_gAdol'f Petrovič
_4070
701 1 _9z02790
_aNaumenko
_bI. M.
_4070
701 1 _9z03790
_aÉrman
_bM. I.
_gMoisej Isaakovič
_4070
712 0 2 _aOrganisation mondiale de la santé
_bSéminaire interrégional pour l'hygiène industrielle et agricole
_f1969
_4570
790 1 _9z01700
_aGolovatiouk
_bA. P.
_4070
790 1 _9z02701
_aNaoumenko
_bI. M.
_4070
790 1 _9z03701
_aErman
_bM. I.
_4070
801 1 _aRU
_bNLR
_c20101217
801 0 _aRU
_bNLR
_gPSBO
852 _aNLR
_jМд97 Д-4/238
942 _cBOOK
980 _aNB